000 00492nam a2200157Ia 4500
003 OSt
005 20201209120037.0
008 190216s9999||||xx |||||||||||||| ||und||
040 _coclc
082 _a344.5407
_bAGA/L
100 _aAgarwal, R D
_97338
245 0 _aLaw Of Education And Educational Institutions In India /
_cR D Agarwal
260 _bThe Law Book Company,
_c1988.
_aAllahabad:
300 _a2431p
942 _cREF
_2ddc
_h344.5407
_iAGA/L
_k344.5407
_mAGA/L
999 _c35930
_d35930